Postupy interného audítora v oblasti dlhodobého hmotného majetku nadobudnutého darovaním

Postupy interného audítora v podnikateľskom subjekte. Plánovanie, programovanie a výkon kontroly auditu. Analýza a efektívnosť systému účtovníctva, odvodových povinností a systém internej kontroly na overovanom predmete v oblasti darovaného dlhodobého hmotného majetku. Zistenia auditu a prijatie prí...

Descripción completa

Guardado en:
Detalles Bibliográficos
Autor principal: Kastlerová, Sylvia
Otros Autores: Vépyová, Mária
Formato: Capítulo de libro
Lenguaje:eslovaco
Materias:
Etiquetas: Agregar Etiqueta
Sin Etiquetas, Sea el primero en etiquetar este registro!

MARC

LEADER 00000naa$a2200000$$$4500
001 0118107
005 20240502083307.9
041 0 |a slo 
044 |a CZ 
245 1 0 |a Postupy interného audítora v oblasti dlhodobého hmotného majetku nadobudnutého darovaním  |c Sylvia Kastlerová, Mária Vépyová 
520 |a Postupy interného audítora v podnikateľskom subjekte. Plánovanie, programovanie a výkon kontroly auditu. Analýza a efektívnosť systému účtovníctva, odvodových povinností a systém internej kontroly na overovanom predmete v oblasti darovaného dlhodobého hmotného majetku. Zistenia auditu a prijatie príslušných opatrení. 
610 2 0 |a audit 
610 2 0 |a audit interný 
610 2 0 |a audítorstvo 
610 2 0 |a dokumentácia účtovná 
610 2 0 |a vedenie účtovníctva 
610 2 0 |a revízia účtovná 
610 2 0 |a majetok dlhodobý 
610 2 0 |a majetok hmotný 
610 2 0 |a dary 
610 2 0 |a financovanie cudzie 
100 1 |a Kastlerová, Sylvia 
700 1 |a Vépyová, Mária